| 000 | 02728cam a2200457 a 4500 | ||
|---|---|---|---|
| 005 | 20080710142538.0 | ||
| 008 | 080710t xxu||||| |||| 00| 0 eng d | ||
| 010 | _aB-270042-052 | ||
| 020 | _a0753405172 | ||
| 035 | _aB-270042-052 | ||
| 037 | _bGrolier International/27.5.08/12/8.4.08/5.6.08/10312.50(set of 24 vol.)/ | ||
| 040 |
_aDPL _bEN |
||
| 082 | _a551.46 | ||
| 100 | _aGaneri, Anita, | ||
| 245 |
_aI wonder why the sea is salty and other questions about the ocean / _cby Anita Ganeri. |
||
| 260 |
_aLondon _bKingfisher, _c2007 |
||
| 270 |
_aNew Penderel Houes, 283-288 High Holborn, _bLondon |
||
| 300 |
_a32 p. : _bcol. ill. ; _c29 cm. |
||
| 490 | _aI wonder why | ||
| 500 | _aIncludes index. | ||
| 650 |
_aOcean _xJuvenile literature. |
||
| 650 |
_aMarine ecology _xJuvenile literature. |
||
| 650 |
_aMarine animals _xJuvenile literature. |
||
| 650 |
_aOcean _xMiscellanea. |
||
| 650 |
_aMarine ecology _xMiscellanea. |
||
| 650 |
_aEcology _xMiscellanea. |
||
| 650 |
_aMarine animals _xMiscellanea. |
||
| 650 | _aQuestions and answers. | ||
| 830 | _aI wonder why (New York, N.Y.) | ||
| 856 |
_3Publisher description _uhttp://www.loc.gov/catdir/description/hm021/94030260.html |
||
| 942 |
_2ddc _cCH _h551.46 _mGAN |
||
| 999 |
_c14378 _d14378 |
||